[Event "CRO-chT2 West"]
[Site "Croatia"]
[Date "2017.10.21"]
[Round "7"]
[White "Ramesa, Marin"]
[Black "Gradiser, Dragoljub"]
[Result "1-0"]
[WhiteElo "2165"]
[BlackElo "1893"]
[PlyCount "77"]
[EventDate "2017.03.25"]
[EventType "team-tourn"]
[EventRounds "9"]
[EventCountry "CRO"]
[SourceTitle "EXT 2020"]
[Source "ChessBase"]
[SourceDate "2019.10.17"]
[SourceVersion "1"]
[SourceVersionDate "2019.10.17"]
[SourceQuality "1"]

1. d4 Nf6 2. Nf3 d5 3. c4 e6 4. Nc3 Bd7 5. cxd5 exd5 6. Bg5 c6 7. Qc2 h6 8. Bh4 Bd6 9. e3 0-0 10. Bd3 Re8 11. 0-0 Bg4 12. Nd2 g5 13. Bg3 Bxg3 14. hxg3 Nbd7 15. Rfe1 Bh5 16. b4 a6 17. Na4 Qe7 18. Rab1 Nf8 19. Nc5 Bg6 20. Bxg6 Nxg6 21. a4 b6 22. Nd3 Rac8 23. a5 bxa5 24. bxa5 Qc7 25. Qa4 Nd7 26. Rec1 Ne7 27. Nb4 Nb8 28. Nb3 Rcd8 29. Nc5 Nf5 30. Nbxa6 Qe7 31. Nxb8 Rxb8 32. Qxc6 Rbc8 33. Qxd5 Nxe3 34. fxe3 Qxe3+ 35. Kh2 Rcd8 36. Qf3 Qxd4 37. Rb7 Rf8 38. Ne4 f5 39. Rcc7 1-0

[Event "CRO-chT2 West"]
[Site "Croatia"]
[Date "2017.04.09"]
[Round "5.4"]
[White "Grguric, Dragan"]
[Black "Gradiser, Dragoljub"]
[Result "1-0"]
[WhiteElo "1994"]
[BlackElo "1902"]
[PlyCount "59"]
[EventDate "2017.03.25"]
[EventType "team-tourn"]
[EventRounds "9"]
[EventCountry "CRO"]
[SourceTitle "EXT 2020"]
[Source "ChessBase"]
[SourceDate "2019.10.17"]
[SourceVersion "1"]
[SourceVersionDate "2019.10.17"]
[SourceQuality "1"]

1. e4 c5 2. Nf3 Nc6 3. Nc3 d6 4. d4 cxd4 5. Nxd4 a6 6. Be3 Nf6 7. f3 e5 8. Nb3 Be7 9. Qd2 Be6 10. Nd5 Bxd5 11. exd5 Nb8 12. g4 h6 13. 0-0-0 Nbd7 14. h4 a5 15. a4 Qc7 16. Bb5 Ng8 17. f4 exf4 18. Bxf4 Ngf6 19. Qe2 Kd8 20. g5 Ng8 21. Rde1 Rc8 22. Nd4 Ne5 23. Nf5 Bf8 24. Bxe5 dxe5 25. d6 Qc5 26. Rh3 Qd5 27. Qxe5 Qxe5 28. Rxe5 Bxd6 29. Nxd6 Ne7 30. Nxf7+ 1-0

[Event "CRO-chT2 West"]
[Site "Croatia"]
[Date "2017.03.25"]
[Round "1.5"]
[White "Gradiser, Dragoljub"]
[Black "Lulic, Igor"]
[Result "0-1"]
[WhiteElo "1917"]
[BlackElo "2012"]
[PlyCount "100"]
[EventDate "2017.03.25"]
[EventType "team-tourn"]
[EventRounds "9"]
[EventCountry "CRO"]
[SourceTitle "EXT 2020"]
[Source "ChessBase"]
[SourceDate "2019.10.17"]
[SourceVersion "1"]
[SourceVersionDate "2019.10.17"]
[SourceQuality "1"]

1. e4 c5 2. Nf3 e6 3. d4 cxd4 4. Nxd4 a6 5. Nc3 d6 6. Be3 Nf6 7. Bd3 Be7 8. f3 b5 9. a3 Bb7 10. Qd2 Nbd7 11. 0-0 0-0 12. Rad1 Rc8 13. Qe2 Qc7 14. Nb3 Nc5 15. Nxc5 dxc5 16. Qf2 Rfd8 17. Be2 Bd6 18. g3 Rd7 19. Rd2 Qc6 20. Rfd1 b4 21. Nb1 Be5 22. Rxd7 Nxd7 23. axb4 cxb4 24. c3 a5 25. cxb4 axb4 26. b3 Bf6 27. Nd2 Ne5 28. Nc4 Nxc4 29. Bxc4 Ba6 30. Bxa6 Qxa6 31. Qd2 h6 32. Qxb4 Qe2 33. Qe1 Qxf3 34. Bf2 Bc3 35. Qf1 Qxe4 36. Qd3 Qb4 37. Rb1 Bf6 38. Qd7 Rd8 39. Qa4 Qd2 40. Qc4 Qa2 41. Qf1 Rd2 42. b4 Rxf2 43. Qxf2 Qxb1+ 44. Kg2 Qe4+ 45. Kh3 Qxb4 46. Qc2 Qc3 47. Qe4 Qd4 48. Qa8+ Kh7 49. Qe8 Qd3 50. Qc6 Qf1+ 0-1

[Event "CRO-chT3W"]
[Site "Croatia"]
[Date "2016.04.10"]
[Round "6.5"]
[White "Acinger, Zeljko"]
[Black "Gradiser, Dragoljub"]
[Result "1-0"]
[WhiteElo "1945"]
[BlackElo "1916"]
[PlyCount "89"]
[EventDate "2016.03.05"]
[EventType "team-tourn"]
[EventRounds "9"]
[EventCountry "CRO"]
[SourceTitle "CBM 171 Extra"]
[Source "ChessBase"]
[SourceDate "2016.04.26"]
[SourceVersion "1"]
[SourceVersionDate "2016.04.26"]
[SourceQuality "1"]
[WhiteTeam "Delnice"]
[BlackTeam "Senj Velebit"]
[WhiteTeamCountry "CRO"]
[BlackTeamCountry "CRO"]

1. e4 e5 2. Nf3 Nc6 3. Bc4 d6 4. c3 Be7 5. d4 Bg4 6. Qb3 Bh5 7. Qxb7 Na5 8. Bb5+ Kf8 9. Qa6 c6 10. Be2 Qb6 11. b4 Bxf3 12. gxf3 Nb7 13. Be3 exd4 14. Bxd4 c5 15. Be3 Qxa6 16. Bxa6 Nd8 17. a3 Nf6 18. 0-0 h6 19. Nd2 Nd7 20. f4 g6 21. Rfd1 Nb6 22. Nc4 Nxc4 23. Bxc4 Kg7 24. e5 dxe5 25. fxe5 cxb4 26. cxb4 Nc6 27. Bd5 Rhc8 28. b5 Nxe5 29. Bxa8 Rxa8 30. Bd4 Bf6 31. Bxe5 Bxe5 32. Rab1 g5 33. Rd7 Kg6 34. Rc1 f6 35. a4 h5 36. Rcd1 a6 37. Rd8 Rxd8 38. Rxd8 axb5 39. axb5 Bc7 40. Rd7 Ba5 41. Ra7 Bb6 42. Ra6 Bc5 43. b6 Bd6 44. b7 Be5 45. Ra8 1-0

[Event "Gospic Licko-ch"]
[Site "Gospic"]
[Date "2013.02.25"]
[Round "4"]
[White "Gradiser, Dragoljub"]
[Black "Kukina, Mario"]
[Result "1/2-1/2"]
[WhiteElo "1926"]
[BlackElo "2047"]
[PlyCount "73"]
[EventDate "2013.02.24"]
[EventType "tourn"]
[EventRounds "7"]
[EventCountry "CRO"]
[SourceTitle "CBM 153 Extra"]
[Source "ChessBase"]
[SourceDate "2013.04.22"]
[SourceVersion "1"]
[SourceVersionDate "2013.04.22"]
[SourceQuality "1"]

1. e4 c6 2. d4 d5 3. Nd2 dxe4 4. Nxe4 Bf5 5. Ng3 Bg6 6. Nf3 e6 7. Ne5 Nd7 8. Nxg6 hxg6 9. Bd3 Ngf6 10. h3 Bd6 11. Bg5 Qc7 12. Ne4 Nxe4 13. Bxe4 Bf4 14. Bxf4 Qxf4 15. Qf3 Qxf3 16. Bxf3 0-0-0 17. 0-0-0 Nf6 18. c3 Rd6 19. Rhe1 Rhd8 20. Kc2 Nd5 21. Bxd5 cxd5 22. Re3 b5 23. Rf3 R8d7 24. Rf4 a5 25. a3 Rb6 26. Ra1 Kd8 27. g4 g5 28. Rf3 Ke7 29. Rh1 b4 30. axb4 axb4 31. Ra1 Rdb7 32. b3 bxc3 33. Rxc3 f6 34. Ra5 Kd6 35. f3 g6 36. Ra8 Rb8 37. Ra7 1/2-1/2

[Event "Kastav ZNG111 op 15th"]
[Site "Kastav"]
[Date "2012.09.16"]
[Round "7.2"]
[White "Gradiser, Dragoljub"]
[Black "Jerkovic, Maroje"]
[Result "1-0"]
[WhiteElo "1918"]
[BlackElo "1912"]
[PlyCount "39"]
[EventDate "2012.09.07"]
[EventType "swiss"]
[EventRounds "7"]
[EventCountry "CRO"]
[SourceTitle "EXT 2023"]
[Source "ChessBase"]
[SourceDate "2022.10.05"]
[SourceVersion "1"]
[SourceVersionDate "2022.10.05"]
[SourceQuality "1"]

1. e4 c5 2. Nf3 Nc6 3. Bb5 e5 4. 0-0 d6 5. c3 f5 6. exf5 Bxf5 7. d4 e4 8. Re1 d5 9. Ne5 Rc8 10. f3 Nf6 11. fxe4 Nxe4 12. Nd2 Bd6 13. Qh5+ g6 14. Qh6 Bf8 15. Qf4 h5 16. Nxe4 dxe4 17. Rxe4 Be7 18. Re1 cxd4 19. cxd4 0-0 20. Bc4+ 1-0

[Event "Kraljevica ZNG111 op 14th"]
[Site "Kraljevica"]
[Date "2012.02.25"]
[Round "6"]
[White "Gradiser, Dragoljub"]
[Black "Kvaternik, Sinisa"]
[Result "0-1"]
[WhiteElo "1917"]
[BlackElo "1962"]
[PlyCount "74"]
[EventDate "2012.02.18"]
[EventType "swiss"]
[EventRounds "7"]
[EventCountry "CRO"]
[SourceTitle "CBM 147 Extra"]
[Source "ChessBase"]
[SourceDate "2012.04.24"]
[SourceVersion "1"]
[SourceVersionDate "2012.04.24"]
[SourceQuality "1"]

1. e4 e5 2. Nf3 Nc6 3. Bc4 Nb8 4. Bf1 Nf6 5. Bc4 Nc6 6. Ng5 d5 7. exd5 Na5 8. Bb5+ c6 9. dxc6 bxc6 10. Be2 h6 11. Nh3 Bc5 12. d3 0-0 13. Nc3 Bf5 14. a3 Nb7 15. Bf3 Rc8 16. Be3 Qb6 17. Bxc5 Nxc5 18. Rb1 Rfe8 19. Ng1 e4 20. dxe4 Ncxe4 21. Nxe4 Nxe4 22. Bxe4 Rxe4+ 23. Kf1 Qb5+ 24. Ne2 Rce8 25. Qd3 Qxd3 26. cxd3 Rxe2 27. Rd1 Bxd3 28. g3 Rd2+ 29. Kg2 Ree2 30. Rxd2 Rxd2 31. Rc1 Be4+ 32. Kh3 Rxf2 33. Rc4 Bg2+ 34. Kg4 f5+ 35. Kh4 g5+ 36. Kh5 Kg7 37. h3 Bxh3 0-1

[Event "Kraljevica ZNG111 op 14th"]
[Site "Kraljevica"]
[Date "2012.02.18"]
[Round "1"]
[White "Batory, Lucija"]
[Black "Gradiser, Dragoljub"]
[Result "0-1"]
[WhiteElo "1624"]
[BlackElo "1917"]
[PlyCount "80"]
[EventDate "2012.02.18"]
[EventType "swiss"]
[EventRounds "7"]
[EventCountry "CRO"]
[SourceTitle "CBM 147 Extra"]
[Source "ChessBase"]
[SourceDate "2012.04.24"]
[SourceVersion "1"]
[SourceVersionDate "2012.04.24"]
[SourceQuality "1"]

1. e4 c5 2. Nf3 Nc6 3. d4 cxd4 4. Nxd4 Nf6 5. Nc3 a6 6. Bc4 d6 7. Be3 Nxd4 8. Qxd4 b5 9. Bb3 e5 10. Qd3 Be7 11. 0-0 0-0 12. Nd5 Bb7 13. Rad1 Nxd5 14. Bxd5 Bxd5 15. Qxd5 Qc7 16. Rd2 Rfc8 17. Kh1 Qc4 18. Rc1 Qxd5 19. Rxd5 Rc4 20. f3 Rac8 21. c3 b4 22. Bd2 R4c6 23. Ra1 g6 24. a3 b3 25. a4 f5 26. exf5 gxf5 27. Ra3 Rb8 28. Be3 Rxc3 29. Bd2 Rc2 30. Ra1 Rxb2 31. Rd3 Rc2 32. Rb1 Kf7 33. Be3 b2 34. h3 f4 35. Bd2 Ke6 36. Kh2 Bh4 37. Kg1 Rbc8 38. Kh2 Bg3+ 39. Kg1 Rc1+ 40. Bxc1 bxc1Q+ 0-1

[Event "CRO-chT2 West"]
[Site "Croatia"]
[Date "2011.11.06"]
[Round "9.15"]
[White "Gradiser, Dragoljub"]
[Black "Nastic, Milorad"]
[Result "1-0"]
[WhiteElo "1934"]
[BlackElo "1961"]
[PlyCount "113"]
[EventDate "2011.03.12"]
[EventType "team-tourn"]
[EventRounds "9"]
[EventCountry "CRO"]
[SourceTitle "EXT 2014"]
[Source "ChessBase"]
[SourceDate "2013.11.20"]
[SourceVersion "1"]
[SourceVersionDate "2013.11.20"]
[SourceQuality "1"]

1. e4 e5 2. Nf3 d6 3. d4 Nf6 4. Bg5 Nbd7 5. Nbd2 c6 6. c3 Be7 7. Bc4 h6 8. Bh4 Qc7 9. 0-0 0-0 10. h3 b5 11. Bd3 Re8 12. Nh2 Nxe4 13. Bxe7 Nxd2 14. Bxd6 Qxd6 15. Qxd2 e4 16. Rae1 f5 17. f3 Nf6 18. Bc2 c5 19. fxe4 fxe4 20. Qf4 Qxf4 21. Rxf4 cxd4 22. cxd4 Bb7 23. Ng4 Nh5 24. Rf5 Ng3 25. Bb3+ Kh8 26. Rf7 Bc8 27. Ne5 Be6 28. Bxe6 Rxe6 29. Kf2 Nh5 30. Rxe4 Nf6 31. Re2 a6 32. Rc7 Kg8 33. Nd7 Ne4+ 34. Ke1 Ng5 35. Nc5 Rxe2+ 36. Kxe2 Rd8 37. Kd3 Nf7 38. Nxa6 Rd6 39. Nc5 Ne5+ 40. Ke4 Nc6 41. Rd7 Rg6 42. g4 h5 43. gxh5 Rh6 44. d5 Nb4 45. a3 Nc2 46. Ne6 Rxh5 47. Rxg7+ Kh8 48. Rg3 b4 49. d6 Rh7 50. Kd5 bxa3 51. bxa3 Ra7 52. Nc7 Ra5+ 53. Ke4 Ra4+ 54. Kd5 Rd4+ 55. Kc5 Rd2 56. Nd5 Nd4 57. Re3 1-0

[Event "CRO-chT2 West"]
[Site "Croatia"]
[Date "2011.04.10"]
[Round "5.36"]
[White "Zilic, Antonija"]
[Black "Gradiser, Dragoljub"]
[Result "1/2-1/2"]
[WhiteElo "1880"]
[BlackElo "1934"]
[PlyCount "112"]
[EventDate "2011.03.12"]
[EventType "team-tourn"]
[EventRounds "9"]
[EventCountry "CRO"]
[SourceTitle "EXT 2014"]
[Source "ChessBase"]
[SourceDate "2013.11.20"]
[SourceVersion "1"]
[SourceVersionDate "2013.11.20"]
[SourceQuality "1"]

1. d4 d5 2. Bf4 Nf6 3. e3 e6 4. Nf3 Nbd7 5. Nbd2 Be7 6. Be2 Nh5 7. Ne5 Nxf4 8. exf4 0-0 9. 0-0 c5 10. dxc5 Bxc5 11. Ndf3 f6 12. Nxd7 Qxd7 13. a3 Qc7 14. f5 e5 15. Bb5 Rd8 16. Nh4 Qf7 17. Bc4 Bxf5 18. Nxf5 dxc4 19. Qe2 b5 20. h4 Bf8 21. h5 Rd7 22. Qg4 Kh8 23. Nh4 Rd4 24. f4 Rxf4 25. Ng6+ Qxg6 26. Rxf4 Qxg4 27. Rxg4 Rd8 28. a4 a6 29. axb5 axb5 30. Ra5 Rb8 31. Kf1 h6 32. Ra7 Kg8 33. Ke2 Rb6 34. Re4 Rc6 35. Kf3 Rd6 36. Ke2 Rd5 37. g4 Bb4 38. c3 Bf8 39. Rb7 Rc5 40. Rd7 Rc8 41. Rd5 b4 42. cxb4 Bxb4 43. Rb5 c3 44. bxc3 Bxc3 45. Rb1 Bd4 46. Rd1 Rc2+ 47. Kd3 Rf2 48. Kc4 f5 49. gxf5 Rxf5 50. Rh1 Kf7 51. Kd5 g6 52. hxg6+ Kxg6 53. Rg4+ Rg5 54. Rgh4 h5 55. Ke4 Rg4+ 56. Rxg4+ hxg4 1/2-1/2

[Event "CRO-Cup 19th"]
[Site "Sibenik"]
[Date "2010.05.21"]
[Round "4"]
[White "Balenovic, Zvonimir"]
[Black "Gradiser, Dragoljub"]
[Result "1-0"]
[WhiteElo "2222"]
[BlackElo "1964"]
[PlyCount "73"]
[EventDate "2010.05.19"]
[EventType "team-tourn"]
[EventRounds "6"]
[EventCountry "CRO"]
[SourceTitle "CBM 136 Extra"]
[Source "ChessBase"]
[SourceDate "2010.07.02"]
[SourceVersion "2"]
[SourceVersionDate "2010.07.15"]
[SourceQuality "1"]

1. e4 e5 2. Nf3 Nc6 3. Bb5 a6 4. Ba4 Nf6 5. 0-0 Be7 6. d4 b5 7. Bb3 Nxd4 8. Nxd4 exd4 9. e5 Ng8 10. Qf3 d5 11. Bxd5 Be6 12. Bxa8 Nh6 13. Bc6+ Kf8 14. Bxh6 gxh6 15. Nd2 Rg8 16. h3 Rg5 17. Rfe1 Qc8 18. Kh2 Rf5 19. Qe2 Rxe5 20. Qd3 Rh5 21. Bf3 Bd6+ 22. Kg1 Rg5 23. Ne4 Rg6 24. Nxd6 cxd6 25. Be4 Rg5 26. f4 Rg7 27. f5 Bc4 28. Qxd4 d5 29. Bxd5 Bxd5 30. Qxd5 Rg5 31. Qe5 Qxc2 32. Qh8+ Rg8 33. Re8+ Kxe8 34. Qxg8+ Ke7 35. Re1+ Kf6 36. Qh8+ Kg5 37. Qg7+ 1-0

[Event "CRO-Cup 19th"]
[Site "Sibenik"]
[Date "2010.05.20"]
[Round "3"]
[White "Gradiser, Dragoljub"]
[Black "Sasvari, Zelimir"]
[Result "1-0"]
[WhiteElo "1964"]
[BlackElo "2239"]
[PlyCount "137"]
[EventDate "2010.05.19"]
[EventType "team-tourn"]
[EventRounds "6"]
[EventCountry "CRO"]
[SourceTitle "CBM 136 Extra"]
[Source "ChessBase"]
[SourceDate "2010.07.02"]
[SourceVersion "2"]
[SourceVersionDate "2010.07.15"]
[SourceQuality "1"]

1. e4 c5 2. Nf3 Nc6 3. d4 cxd4 4. Nxd4 g6 5. Nc3 Bg7 6. Be3 Nf6 7. f3 0-0 8. Qd2 d5 9. Nxc6 bxc6 10. e5 Nd7 11. f4 e6 12. Na4 Nxe5 13. 0-0-0 Nd7 14. g4 e5 15. f5 Nf6 16. fxg6 fxg6 17. h3 Ne4 18. Qe1 Ng5 19. Bg2 Nf3 20. Bxf3 Rxf3 21. Qd2 d4 22. Bh6 Qd5 23. Kb1 Be6 24. b3 Raf8 25. Bxg7 Kxg7 26. Nb2 Qb5 27. Qg5 h6 28. Qe7+ Bf7 29. Nd3 Re8 30. Qxa7 Kg8 31. Rhf1 Qd5 32. Nb4 Qe4 33. Rfe1 Qf4 34. Nxc6 Qf6 35. Nxe5 Re3 36. Rxe3 dxe3 37. Qxf7+ Qxf7 38. Nxf7 Kxf7 39. Re1 Kf6 40. c4 Kg5 41. Kc2 Kf4 42. c5 Kf3 43. b4 Kf2 44. Rc1 e2 45. c6 Re6 46. b5 Re5 47. Kd3 Rc5 48. Rb1 Rxb5 49. Rc1 Rc5 50. Rxc5 e1Q 51. c7 Qe3+ 52. Kc4 Qe6+ 53. Kb5 Qc8 54. Kb6 Kg3 55. Rc3+ Kf4 56. Rc6 h5 57. Rxg6 h4 58. Rc6 Kg3 59. Rc3+ Kg2 60. g5 Qe6+ 61. Rc6 Qc8 62. g6 Kxh3 63. g7 Kh2 64. g8Q Qxg8 65. c8Q Qxa2 66. Rc2+ Qxc2 67. Qxc2+ Kg3 68. Qd3+ Kg2 69. Qe4+ 1-0

[Event "EU-ch 11th"]
[Site "Rijeka"]
[Date "2010.03.16"]
[Round "10"]
[White "Papadakis, Michalis"]
[Black "Gradiser, Dragoljub"]
[Result "1-0"]
[WhiteElo "2244"]
[BlackElo "1954"]
[PlyCount "71"]
[EventDate "2010.03.06"]
[EventType "swiss"]
[EventRounds "11"]
[EventCountry "CRO"]
[SourceTitle "CBM 136"]
[Source "ChessBase"]
[SourceDate "2010.05.18"]
[SourceVersion "1"]
[SourceVersionDate "2010.05.18"]
[SourceQuality "1"]

1. d4 d5 2. c4 e6 3. Nc3 Nf6 4. cxd5 exd5 5. Bg5 Be7 6. e3 Be6 7. Bd3 Nbd7 8. Nge2 a6 9. Rc1 c6 10. 0-0 Nf8 11. f3 Ng6 12. Qc2 Nh5 13. Bxe7 Qxe7 14. e4 Nhf4 15. Rce1 Qg5 16. Nxf4 Nxf4 17. exd5 cxd5 18. Re5 Qh6 19. Qa4+ Ke7 20. Qb4+ Kf6 21. Bb1 Rhb8 22. g3 Nh3+ 23. Kg2 g6 24. Nxd5+ Kg7 25. f4 Bxd5+ 26. Rxd5 Re8 27. Re5 Rxe5 28. dxe5 Qh5 29. Re1 Rd8 30. e6 a5 31. Qc3+ Kh6 32. e7 Nxf4+ 33. gxf4 Qg4+ 34. Kh1 Rd1 35. e8Q Rxe1+ 36. Qexe1 1-0

[Event "EU-ch 11th"]
[Site "Rijeka"]
[Date "2010.03.14"]
[Round "8"]
[White "Elkin, Leonid"]
[Black "Gradiser, Dragoljub"]
[Result "1-0"]
[WhiteElo "2189"]
[BlackElo "1954"]
[PlyCount "45"]
[EventDate "2010.03.06"]
[EventType "swiss"]
[EventRounds "11"]
[EventCountry "CRO"]
[SourceTitle "CBM 136"]
[Source "ChessBase"]
[SourceDate "2010.05.18"]
[SourceVersion "1"]
[SourceVersionDate "2010.05.18"]
[SourceQuality "1"]

1. d4 d5 2. c4 Nf6 3. cxd5 Nxd5 4. g3 e6 5. Bg2 Nc6 6. Nf3 Bb4+ 7. Bd2 Bxd2+ 8. Qxd2 f5 9. 0-0 0-0 10. Nc3 Nf6 11. Rfd1 Qe7 12. Rac1 Rd8 13. Qf4 Nh5 14. Qe3 Nf6 15. Ne5 Nxe5 16. dxe5 Ng4 17. Rxd8+ Qxd8 18. Qc5 c6 19. h3 Nh6 20. Rd1 Qc7 21. Nb5 Qa5 22. Qe7 Nf7 23. Qe8# 1-0

[Event "EU-ch 11th"]
[Site "Rijeka"]
[Date "2010.03.12"]
[Round "7"]
[White "Gradiser, Dragoljub"]
[Black "Rafaelic, Denis"]
[Result "1-0"]
[WhiteElo "1954"]
[BlackElo "1714"]
[PlyCount "119"]
[EventDate "2010.03.06"]
[EventType "swiss"]
[EventRounds "11"]
[EventCountry "CRO"]
[SourceTitle "CBM 136"]
[Source "ChessBase"]
[SourceDate "2010.05.18"]
[SourceVersion "1"]
[SourceVersionDate "2010.05.18"]
[SourceQuality "1"]

1. e4 c5 2. Nf3 d6 3. d4 cxd4 4. Nxd4 Nf6 5. Nc3 a6 6. Bg5 e6 7. Be2 Be7 8. 0-0 0-0 9. Kh1 Nc6 10. Qd2 Qc7 11. f4 h6 12. Bxf6 Bxf6 13. Nf3 b5 14. a3 Bb7 15. h3 Rac8 16. Nd1 Na5 17. Bd3 Nc4 18. Qc1 Qb6 19. Rb1 Rc7 20. b3 Na5 21. Qd2 Nc6 22. Ne3 Rfc8 23. Ng4 Be7 24. f5 exf5 25. exf5 f6 26. Rbe1 Bf8 27. Re6 Nd4 28. Nxd4 Qxd4 29. Qf2 Qxf2 30. Rxf2 Bd5 31. Re1 Rc3 32. Ne3 Bf7 33. Nd1 R3c5 34. Rfe2 Re5 35. Ne3 Rce8 36. Kg1 d5 37. b4 Bd6 38. Ng4 Rxe2 39. Rxe2 Rxe2 40. Bxe2 d4 41. Nf2 Bd5 42. Bf3 Bxf3 43. gxf3 Bf4 44. Nd3 Bd2 45. Kf2 Kf7 46. Nc5 Bc1 47. Nxa6 Bxa3 48. Nc7 Bxb4 49. Nxb5 Bc5 50. Ke2 g6 51. Kd3 gxf5 52. Nxd4 Kg6 53. Ne6 Bd6 54. Ke2 Kh5 55. Kf2 f4 56. c4 Kg6 57. c5 Bb8 58. c6 Kf7 59. c7 Ba7+ 60. Ke2 1-0

[Event "EU-ch 11th"]
[Site "Rijeka"]
[Date "2010.03.07"]
[Round "2"]
[White "Gradiser, Dragoljub"]
[Black "Jacobsen, Bo"]
[Result "1-0"]
[WhiteElo "1954"]
[BlackElo "2375"]
[PlyCount "63"]
[EventDate "2010.03.06"]
[EventType "swiss"]
[EventRounds "11"]
[EventCountry "CRO"]
[SourceTitle "CBM 136"]
[Source "ChessBase"]
[SourceDate "2010.05.18"]
[SourceVersion "1"]
[SourceVersionDate "2010.05.18"]
[SourceQuality "1"]

1. e4 g6 2. d4 Bg7 3. Nf3 d6 4. Bf4 Nc6 5. c3 Nf6 6. Bd3 0-0 7. h3 Nh5 8. Bh2 e5 9. d5 Ne7 10. g4 Nf4 11. Bxf4 exf4 12. Qd2 f5 13. gxf5 gxf5 14. Na3 c5 15. 0-0-0 Ng6 16. h4 Ne5 17. Nxe5 Bxe5 18. f3 Qf6 19. Nc4 fxe4 20. Bxe4 Bf5 21. Rdg1+ Kh8 22. Bxf5 Qxf5 23. Rg5 Qf6 24. Nxe5 dxe5 25. Qd3 Rae8 26. Qe4 Re7 27. c4 a6 28. Re1 Rfe8 29. Qf5 Qxf5 30. Rxf5 Kg7 31. Rg1+ Kh6 32. Rgg5 1-0